01157nam a2200193Ia 4500001001100000003001000011008004100021040002500062041001200087100002700099245009200126250001100218260006700229300001200296500026000308501011400568520026000682650002100942L241-13463IT-CnALBA170116s9999||||xx |||||||||||||| ||und|| aIT-CnALBAcIT-CnALBA aLATINO  aBUCCERONI GENNARO, SJ. 0aINSTITUTIONES THEOLOGIAE MORALIS SECUNDUM DOCTRINAM S. THOMAE ET S. ALPHONSI. VOL. II.  a5a ed. a ROMA.bPIO IX. ISTITUTO. TIPOGR. PONT. c1908 [1° Ed.: n.d.] a665 p.  aINDICE ALFABETICO ANALITICO. OBBLIGHI PARTICOLARI DEI LAICI. OBBLIGHI DEI CHIERICI E DEI RELIGIOSI. SACRAMENTI IN GENERE. BATTESIMO. CRESIMA. EUCARISTIA. PENITENZA. UNZIONE DEGLI INFERMI. ORDINE SACRO. MATRIMONIO. CENSURE. COSTITUZIONE DELLA SEDE APOSTOLI aSocietà San Paolo EM - Piazza San Paolo, 14 - 12051 ALBA (CN) (non commercial uses only) ® Copyright 2017 aINDICE ALFABETICO ANALITICO. OBBLIGHI PARTICOLARI DEI LAICI. OBBLIGHI DEI CHIERICI E DEI RELIGIOSI. SACRAMENTI IN GENERE. BATTESIMO. CRESIMA. EUCARISTIA. PENITENZA. UNZIONE DEGLI INFERMI. ORDINE SACRO. MATRIMONIO. CENSURE. COSTITUZIONE DELLA SEDE APOSTOLI aMORALE CATTOLICA